Optical communications components and systems : analysis, design, optimization, application (Record no. 8278)
[ view plain ]
| 000 -LEADER | |
|---|---|
| fixed length control field | 00656 a2200181 4500 |
| 020 ## - INTERNATIONAL STANDARD BOOK NUMBER | |
| International Standard Book Number | 0849309352 |
| 040 ## - CATALOGING SOURCE | |
| Original cataloging agency | DLC |
| Language of cataloging | DLC |
| 082 00 - DEWEY DECIMAL CLASSIFICATION NUMBER | |
| Classification number | 621.382/7 |
| 100 1# - MAIN ENTRY--PERSONAL NAME | |
| Personal name | Franz, J.H. |
| 245 10 - TITLE STATEMENT | |
| Title | Optical communications components and systems : analysis, design, optimization, application |
| Statement of responsibility, etc. | J.H. Franz, V.K. Jain. |
| 260 ## - PUBLICATION, DISTRIBUTION, ETC. | |
| Place of publication, distribution, etc. | Boca Raton, FL : |
| Name of publisher, distributor, etc. | CRC Press/Narosa Pub. House, |
| Date of publication, distribution, etc. | c2000. |
| 300 ## - PHYSICAL DESCRIPTION | |
| Extent | xvi, 717 p. : |
| Other physical details | ill. ; |
| Dimensions | 25 cm. |
| 650 #0 - SUBJECT ADDED ENTRY--TOPICAL TERM | |
| Topical term or geographic name entry element | Optical communications. |
| 650 #0 - SUBJECT ADDED ENTRY--TOPICAL TERM | |
| Topical term or geographic name entry element | Optoelectronic devices. |
| 700 1# - ADDED ENTRY--PERSONAL NAME | |
| Personal name | Jain, V. K. |
| 856 42 - ELECTRONIC LOCATION AND ACCESS | |
| Materials specified | Publisher description |
| Uniform Resource Identifier | <a href="http://www.loc.gov/catdir/enhancements/fy0646/00057982-d.html">http://www.loc.gov/catdir/enhancements/fy0646/00057982-d.html</a> |
| 942 ## - ADDED ENTRY ELEMENTS (KOHA) | |
| Koha item type | Book |
| Call number prefix | 621.3827 FRA |
| Source of classification or shelving scheme | |
| Withdrawn status | Lost status | Damaged status | Not for loan | Collection code | Permanent Location | Current Location | Shelving location | Date acquired | Source of acquisition | Cost, normal purchase price | Total Checkouts | Total Renewals | Full call number | Barcode | Date last seen | Date last checked out | Price effective from | Koha item type |
|---|---|---|---|---|---|---|---|---|---|---|---|---|---|---|---|---|---|---|
| Central Library (CL) | Central Library (CL) | General Stacks | 03/18/2004 | Allied Book Company | 551.02 | 1 | 1 | 621.3827 FRA | SEECS004258 | 06/05/2023 | 02/26/2023 | 01/05/2017 | Book | |||||
| Central Library (CL) | Central Library (CL) | General Stacks | 09/24/2005 | Multi-Line Books | 2687.96 | 621.3827 FRA | SEECS006472 | 11/14/2012 | 01/05/2017 | Book |
